Quiz mythologique : Cronos. - Statistiques

Statistiques générales
  • Ce quiz a été pris 34 fois
  • Le résultat moyen est 10 sur 12
Statistiques - réponses
Question Réponse % Correct
Cronos est le roi de ces divinités primaires. Titans
97%
Lequel de ses enfants finit par le renverser et à prendre le pouvoir? Zeus
97%
Mère Gaïa
94%
Afin de les empêcher de le renverser, Cronos avait l'habitude de ______ ses enfants Manger
94%
Père Ouranos
90%
De quel concept est-il la personnification chez les Grecs? Temps
87%
Où Cronos fût-il enfermé après sa défaite? Au Tartare
84%
Femme Rhéa
84%
Nom romain Saturne
74%
Lors de quelle guerre est-il opposé à ceux-ci? Titanomachie
65%
Quelle mutilation fit-il subir à son père au moment de le renverser, au moyen de l'objet précédent ? Emasculation
61%
Avec quel attribut est-il fréquemment représenté? Faucille
52%
Aucun quiz correspondant
Distribution des résultats
% des personnes avec chaque résultat
Percentile par nombre de réponses
Votre historique - résultats
Vous n’avez pas pris ce quiz